000 00281nam a2200109Ia 4500
008 200302s9999 xx 000 0 und d
100 _aFrancis D. k.Ching
245 _aBuilding Construction Illustrated
260 _bCBS Publisher & Distributors
260 _c1987
300 _a200 P.,
999 _c1348
_d1348